000 00692nam a22002417a 4500
003 UA-OsUOA
001 32065
007 ta
008 20050121b un ||||| |||| 00| 0 ukr d
090 _a141.82
_bС74
942 _cBK
040 _aUA-OsUOA
_brus
_cUA-OsUOA
_dUA-OsUOA
245 _aСправочный том к полному собранию сочинений В. И. Ленина
_cРед. М. М.Вассер Г. Н.Голиков В. В.Горбунови др.
300 _a730 с.
955 _a0
041 _arus
080 _a141.82
260 _aМосква
_bПолитиздат
_c1978
246 3 1 _aЧ. 1
_n
044 _aRU
650 7 _2UDC
999 _c318502
_d318502